Roman Emperors 1 - sudden death - Statistics

General Stats
  • This quiz has been taken 47 times
  • The average score is 9 of 18
Answers on the Grid
Answers color-coded by a green-red scale on the quiz's grid according to % correct below.
Flavius Arrianus
Lucius Apronius
Romulus augustulus
Hadrian
Mark Antony
Arrius Antoninus
Lucius Ampelius
Tiberius
Augustus
Marcus Aurelius
Maximius Thrax
Commodus
Nero Claudius Drusus
Septimius Severus
Alfius Avitus
Olybrius
Dio Cassius
Licinius
Caligula
Aurelian
Gaius Julius Caesar
Geta
Probus
Quintus Dellius
Macrinus
Cassiodorus
Majorian
Constantine I
Marcus Junius Brutus
Caracalla
 
Answer Stats
Answer % Correct
Augustus
83%
Hadrian
76%
Tiberius
76%
Caligula
69%
Commodus
66%
Marcus Aurelius
66%
Constantine I
55%
Romulus augustulus
55%
Aurelian
52%
Caracalla
52%
Septimius Severus
48%
Geta
45%
Licinius
41%
Maximius Thrax
38%
Majorian
34%
Olybrius
31%
Probus
31%
Macrinus
28%
No matching quizzes found
Score Distribution
Percent of People with Each Score
Percentile by Number Answered
Your Score History
You have not taken this quiz